[Event "VIE-ch (Women)"]
[Site "Hanoi"]
[Date "2016.??.??"]
[Round "5"]
[White "Nghiem, Thao Tam"]
[Black "Duong, Ngoc Minh Chau"]
[Result "1-0"]
[WhiteElo "1978"]
[BlackElo "1979"]
[PlyCount "69"]
[EventDate "2016.11.10"]
[EventType "swiss"]
[EventRounds "9"]
[EventCountry "VIE"]
[SourceTitle "EXT 2018"]
[Source "ChessBase"]
[SourceDate "2017.10.13"]
[SourceVersion "1"]
[SourceVersionDate "2017.10.13"]
[SourceQuality "1"]

1. d4 d5 2. Nf3 Nc6 3. c4 dxc4 4. Nc3 g6 5. Bf4 Bg7 6. e3 e6 7. Bxc4 Nge7 8. Nb5 0-0 9. Nxc7 Rb8 10. Nb5 Ra8 11. 0-0 a6 12. Nc3 b5 13. Bb3 Nf5 14. Ne4 Bb7 15. Nc5 Ra7 16. Rc1 Nce7 17. Ng5 Nh4 18. Ngxe6 Qc8 19. f3 Re8 20. Nxg7 Kxg7 21. Ne6+ fxe6 22. Rxc8 Nxc8 23. e4 Nb6 24. g3 g5 25. Be5+ Kf7 26. gxh4 gxh4 27. Qd2 Rg8+ 28. Kh1 Nd7 29. Qf4+ Ke8 30. Bxe6 Nxe5 31. Qxe5 Rf8 32. Bf5+ Kd8 33. Rc1 Ra8 34. Qc7+ Ke8 35. Qd7# 1-0